Costa Rica. Parte 1
Salvato in:
| Ente Autore: | |
|---|---|
| Natura: | testo |
| Pubblicazione: |
San José:
FLACSO
|
| Tags: |
Aggiungi Tag
Nessun Tag, puoi essere il primo ad aggiungerne!!
|
MARC
| LEADER | 00000 a a2200000 04500 | ||
|---|---|---|---|
| 001 | 23969 | ||
| 003 | |||
| 040 | |||
| 090 | |a 170102 | ||
| 110 | |a FLACSO | ||
| 245 | |a Costa Rica. Parte 1 | ||
| 260 | |a San José: |b FLACSO | ||
| 999 | |c 6691 |d 6691 | ||
